| LEADER 01174nam 2200277 a 4500 |
| 001 12334109270 |
| 003 ULIB |
| 008 030417s2551 th a sb 001 0 tha |
| 020 ^a978-974-11-1049-0
|
| 060 4 ^aWW260^bส218ต 2551
|
| 100 0 ^aสบง ศรีวรรณบูรณ์
|
| 245 10 ^aต้อกระจกภายหลังการผ่าตัดแก้ไขสายตาผิดปกติ /^cสบง ศรีวรรณบูรณ์
|
| 250 ^aพิมพ์ครั้งที่ 1
|
| 260 ^aกรุงเทพฯ :^bงานตำราวารสารและสิ่งพิมพ์ สถานเทคโนโลยีการศึกษาแพทยศาสตร์ คณะแพทยศาสตร์ศิริราชพยาบาล มหาวิทยาลัยมหิดล, ^c2551
|
| 300 ^a158 หน้า
|
| 650 7 ^aต้อกระจก ^xการรักษา
|
| 650 7 ^aตา, โรค ^xการรักษา
|
| 650 7 ^aต้อกระจก ^xศัลยกรรม
|
| 913 ^aImported by ULIBM Administrator
|
| 949 ^aImport form external file by ULIBM system
|
| 999 ^aอรทัย
|